Statistiques concernant Cochons de fiction par image

Cliquez ici pour prendre le quiz!

Statistiques générales

  • Ce quiz a été pris 198 fois
  • Le résultat moyen est 7 sur 20

Statistiques - réponses

Réponse% Correct
Peppa
98%
Porcinet
87%
Spider-Cochon
65%
Babe
64%
Miss Piggy
56%
Porco Rosso
50%
Cochon qui rit
40%
Porky Pig
37%
Gruikui
33%
Bayonne
26%
Pig
22%
Oolong
21%
Pua
19%
Gunter
15%
Napoléon
15%
Ross
11%
Edmond
6%
Rudy
5%
Jean-Bon
4%
P-chan
1%

Distribution des résultats

Percentile par nombre de réponses

% des personnes avec chaque résultat

Votre développement - résultats

Vous n’avez pas pris ce quiz